Multidimenzionálne indexy - ukazovatele sociálno-ekonomického rozvoja
Analýza a kritické zhodnotenie najznámejších multidimenzionálnych indexov používaných na meranie sociálno-ekonomického rozvoja v súčasnosti, posúdenie ich silných a slabých stránok ako aj vzájomná komparácia.
Saved in:
| Main Author: | |
|---|---|
| Format: | Book Chapter |
| Language: | Slovak |
| Subjects: | |
| Tags: |
No Tags, Be the first to tag this record!
|
MARC
| LEADER | 00000nla a2200000 4500 | ||
|---|---|---|---|
| 001 | 0163085 | ||
| 005 | 20251027104506.4 | ||
| 041 | 0 | |a slo | |
| 044 | |a CZ | ||
| 245 | 1 | 0 | |a Multidimenzionálne indexy - ukazovatele sociálno-ekonomického rozvoja |c Michaela Rubisová |
| 520 | |a Analýza a kritické zhodnotenie najznámejších multidimenzionálnych indexov používaných na meranie sociálno-ekonomického rozvoja v súčasnosti, posúdenie ich silných a slabých stránok ako aj vzájomná komparácia. | ||
| 610 | 2 | 0 | |a rozvoj sociálno-ekonomický |
| 610 | 2 | 0 | |a ukazovatele ekonomické |
| 610 | 2 | 0 | |a ukazovatele sociálne |
| 610 | 2 | 0 | |a úroveň rozvoja hospodárskeho |
| 610 | 2 | 0 | |a index nákladov životných |
| 610 | 2 | 0 | |a meranie |
| 610 | 2 | 0 | |a teórie ekonomické |
| 100 | 1 | |a Rubisová, Michaela | |